000
00280nam a22001217a 4500
082
_a
894.812.3
_b
CHI/O
100
_a
ORU KATHA PARAYU
245
_a
ORU KATHA PARAYU
260
_a
ERANAKULAM
_b
CHINMAYA
_c
2001
300
_a
125
650
_a
MALAYALAM SHORT STORY
_z
KERALA
942
_c
BK
999
_c
1558
_d
1558